Derecho Administrativo.

Saved in:
Bibliographic Details
Main Author: Osorio Vargas, Cristóbal Salvador (autor)
Other Authors: Vilches Yáñez, Leonardo (autor)
Format: Unknown
Language:English
Published: Santiago, Chile Der Ediciones, 2020-2022
Edition:Primera edición
Series:Ma Manuales
Subjects:
Tags: Add Tag
No Tags, Be the first to tag this record!

MARC

LEADER 00000 a2200000 4500
003 CL-VaPUC
005 20221201174113.0
008 200402i20202022 ||||| |||| 00| 0 eng d
999 |c 423205  |d 423203 
020 |a 9789569959714 (t.I) 
020 |a 9789569959790 (t.II) 
020 |a 9789564050928 (.t.III) 
040 |c Pontificia Universidad Católica de Valparaíso 
082 0 4 |2 21  |a 342.06 OSO 2020 (t.I-II)  |a 342.06 OSO 2022 (T.III) 
100 |a Osorio Vargas, Cristóbal Salvador  |e autor  |9 879035 
245 1 |a Derecho Administrativo. 
250 |a Primera edición 
260 3 |a Santiago, Chile  |b Der Ediciones,   |c 2020-2022 
300 |a 3 tomos. 
490 0 |a Ma Manuales 
500 |a Incluye Ley Nº 21.180, sobre transformación digital del estado. 
505 |a t.I: Conceptos y principios. t.II: Acto administrativo. t.III. Procedimiento administrativo. 
583 |c 20221201 
650 1 0 |a Derecho administrativo  |9 254851 
700 1 |a Vilches Yáñez, Leonardo  |9 814331  |e autor 
942 |2 ddc  |c BK 
952 |0 0  |1 0  |2 ddc  |4 0  |6 342_060000000000000_OSO_2020  |7 0  |8 A  |9 562231  |a BIBDER  |b BIBDER  |d 2020-04-01  |e 22  |g 40500.00  |h t.I  |i 5575362  |l 4  |m 4  |o 342.06 OSO 2020  |p 5575362  |r 2025-04-04  |s 2025-03-27  |t 1  |v 40500.00  |w 2020-04-01  |y BK  |k DER 
952 |0 0  |1 0  |2 ddc  |4 0  |6 342_060000000000000_OSO_2020  |7 0  |8 A  |9 577305  |a BIBDER  |b BIBDER  |d 2020-12-29  |e 22  |g 33500.00  |h t.II  |i 5580625  |l 2  |o 342.06 OSO 2020  |p 5580625  |r 2025-04-04  |s 2025-03-27  |t 1  |v 33500.00  |w 2020-12-29  |y BK  |k DER 
952 |0 0  |1 0  |2 ddc  |4 0  |6 342_060000000000000_OSO_2022  |7 0  |8 A  |9 586438  |a BIBDER  |b BIBDER  |c GEN  |d 2022-08-26  |e 22  |g 50500.00  |h t.III  |i 5654434  |l 2  |o 342.06 OSO 2022  |p 5654434  |r 2025-04-04  |s 2025-03-27  |t 1  |v 50500.00  |w 2022-08-26  |y BK  |k DER